Children of the Wild West / (Record no. 4903)

MARC details
000 -LEADER
fixed length control field 00915nam a22002897a 4500
001 - CONTROL NUMBER
control field 4903
003 - CONTROL NUMBER IDENTIFIER
control field FISKH
005 - DATE AND TIME OF LATEST TRANSACTION
control field 20241023124415.0
008 - FIXED-LENGTH DATA ELEMENTS--GENERAL INFORMATION
fixed length control field 241023b cb ||||| |||| 00| 0 eng d
020 ## - INTERNATIONAL STANDARD BOOK NUMBER
International Standard Book Number 0590464744
040 ## - CATALOGING SOURCE
Original cataloging agency FISKH
Language of cataloging eng
Transcribing agency FISKH
Modifying agency FISKH
050 ## - LIBRARY OF CONGRESS CALL NUMBER
Classification number HQ792.U5
082 ## - DEWEY DECIMAL CLASSIFICATION NUMBER
Classification number 305.230978
100 ## - MAIN ENTRY--PERSONAL NAME
Personal name Freeman, Russell
245 ## - TITLE STATEMENT
Title Children of the Wild West /
Statement of responsibility, etc. by Russell Freedman
250 ## - EDITION STATEMENT
Edition statement First Scholastic printing, September 1992
260 ## - PUBLICATION, DISTRIBUTION, ETC.
Place of publication, distribution, etc. New York :
Name of publisher, distributor, etc. Scholastic ;
Date of publication, distribution, etc. 1983 .
300 ## - PHYSICAL DESCRIPTION
Extent 104 pages :
Other physical details illustrations ;
Dimensions 24 cm .
505 ## - FORMATTED CONTENTS NOTE
Formatted contents note Z <br/>
520 ## - SUMMARY, ETC.
Summary, etc. Historical photographs with explanatory text present a picture of life in the American West from 1840 to the early 1900s.
521 8# - TARGET AUDIENCE NOTE
Target audience note 1010 <br/>
Source Lexile <br/>
521 8# - TARGET AUDIENCE NOTE
Target audience note Z <br/>
Source Raz-Plus <br/>
650 ## - SUBJECT ADDED ENTRY--TOPICAL TERM
Topical term or geographic name entry element US history
Form subdivision non-fiction
700 ## - ADDED ENTRY--PERSONAL NAME
Personal name Buctel, George
Relator term Illustrator
942 ## - ADDED ENTRY ELEMENTS (KOHA)
Source of classification or shelving scheme Dewey Decimal Classification
Koha item type Books
Suppress in OPAC No
Holdings
Withdrawn status Lost status Source of classification or shelving scheme Damaged status Not for loan Collection Home library Current library Shelving location Date acquired Total Checkouts Full call number Barcode Date last seen Price effective from Koha item type
    Dewey Decimal Classification     Non-Fiction Footprints International School Library Network Toul Kork Campus Footprints International School Library Network Toul Kork Campus TTP Secondary Non-Fiction Bookshelves 10/23/2024   FRE 305.230978 HQ792.U5 FISSE00947 10/23/2024 10/23/2024 Books